00849cam a22002177a 4500003000500000005001700005008004100022010001000063011001000073035001000083040000900093082001800102110005000120245006000170260003900230300001500269490012900284500005600413650003300469830012900502CHAP20220329141655.0971013s1962 r 00010 d a71988 a72960 a82517 cCHAP a382.6972bB32 aBanco Nacional de Comercio Exterior. México13aLa industria nacional y el comercio exterior, 1842-1851 aMéxico, D. F. :bEl Banco,c1962 a22 cuadros 0aBanco Nacional de Commercio Exterior, S.A. Colección de documentos para la historia del comercio exterior de Méxicov; 7 aContiene datos correspondientes a 1843, 1844 y 184514aComercio exteriorzMéxico.0 aBanco Nacional de Commercio Exterior, S.A. Colección de documentos para la historia del comercio exterior de Méxicov; 7